000 00400nam a22001697a 4500
005 20180621102742.0
008 160618b xxu||||| |||| 00| 0 eng d
020 _a81-297-0088-3
041 _aeng
082 _b8092
_a658
100 _achawdhury, Subir
_94392
245 _aManagement 21C
260 _aDelhi
_bPearson Education
_c2003
300 _a284
650 _aManagement
_9241
942 _cBK
999 _c3059
_d3058